000 00441nam a2200181Ia 4500
001 2770
005 20260306144831.0
008 260306t2008||||xx |||||||||||||| ||spa||
041 _aESP
082 _a227.2
_bK55
100 _aKim, Yung Suk
_eAUT
245 0 _aChrist`s boby in corinth:
_bthe politics of a metaphor
260 _c2008
300 _a142 páginas :
_c24 cm.
650 _aGEN
654 _aCHU
942 _cLIB
_dJUS
_fJUS
_2ddc
_n
999 _c2770
_d2770